Canada constituencies 2025 - Statistics

General Stats
  • This quiz has been taken 10 times
  • The average score is 124 of 343
Answer Stats
Hint Answer % Correct
Ontario Etobicoke Centre
80%
Ontario Etobicoke North
80%
Atlantic Provinces Halifax
80%
Territories Northwest Territories
80%
Territories Nunavut
80%
British Columbia Saanich-Gulf Islands
80%
Ontario Toronto Centre
80%
Ontario Toronto-Danforth
80%
British Columbia Vancouver Kingsway
80%
British Columbia Victoria
80%
Territories Yukon
80%
Atlantic Provinces Acadie-Annapolis
60%
Atlantic Provinces Acadie-Bathurst
60%
Atlantic Provinces Avalon
60%
Ontario Brampton East
60%
Ontario Brampton North
60%
Ontario Brampton South
60%
Ontario Brampton West
60%
British Columbia Burnaby Central
60%
Alberta Calgary Centre
60%
Alberta Calgary Skyview
60%
Atlantic Provinces Cape Spear
60%
Ontario Carleton
60%
Atlantic Provinces Central Nova
60%
Atlantic Provinces Charlottetown
60%
British Columbia Courtenay-Alberni
60%
Atlantic Provinces Cumberland-Colchester
60%
British Columbia Delta
60%
Ontario Don Valley North
60%
Ontario Don Valley West
60%
Alberta Edmonton Centre
60%
Alberta Edmonton Strathcona
60%
British Columbia Esquimalt-Saanich-Sooke
60%
Ontario Etobicoke Lakeshore
60%
Atlantic Provinces Halifax West
60%
British Columbia Kelowna
60%
Ontario Kitchener Centre
60%
Québec Lac Saint Jean
60%
Atlantic Provinces Long Range Mountains
60%
Ontario Mississauga Centre
60%
British Columbia Nanaimo-Ladysmith
60%
Ontario Nepean
60%
Ontario Niagara South
60%
Ontario Oshawa
60%
Ontario Ottawa Centre
60%
Ontario Ottawa South
60%
Québec Québec Centre
60%
Alberta Red Deer
60%
British Columbia Richmond Centre-Marpole
60%
Saskatchewan Saskatoon South
60%
Saskatchewan Saskatoon-University
60%
Saskatchewan Saskatoon West
60%
Ontario Scarborough North
60%
Québec Sherbrooke
60%
British Columbia South Surrey-White Rock
60%
Atlantic Provinces Sydney-Glace Bay
60%
Québec Terrebonne
60%
Ontario Thornhill
60%
Ontario Toronto-St Paul's
60%
Québec Trois Rivières
60%
Ontario University-Rosedale
60%
British Columbia Vancouver Centre
60%
British Columbia Vancouver East
60%
British Columbia Vancouver Granville
60%
British Columbia West Vancouver-Sunshine Coast-Sea to Sky Country
60%
Ontario Willowdale
60%
Ontario Windsor West
60%
Manitoba Winnipeg Centre
60%
Manitoba Winnipeg North
60%
Manitoba Winnipeg South
60%
Manitoba Winnipeg West
60%
Ontario York Centre
60%
British Columbia Abbotsford-South Langley
40%
Alberta Airdrie-Cochrane
40%
Ontario Ajax
40%
Ontario Barrie South-Innisfil
40%
Alberta Battle River-Crowfoot
40%
Québec Beauport-Limoilou
40%
Atlantic Provinces Beauséjour
40%
Québec Bourassa
40%
Alberta Bow River
40%
Ontario Brampton Centre
40%
Manitoba Brandon-Souris
40%
Ontario Burlington
40%
Ontario Burlington North-Milton West
40%
Alberta Calgary Confederation
40%
Alberta Calgary East
40%
Alberta Calgary McKnight
40%
Ontario Cambridge
40%
Atlantic Provinces Cape Breton-Canso-Antigonish
40%
Atlantic Provinces Cardigan
40%
Atlantic Provinces Central Newfoundland
40%
British Columbia Chilliwack-Hope
40%
Québec Compton-Stanstead
40%
British Columbia Coquitlam-Port Coquitlam
40%
British Columbia Cowichan-Malahat-Langford
40%
Atlantic Provinces Dartmouth-Cole Harbour
40%
Ontario Davenport
40%
Alberta Edmonton Gateway
40%
Alberta Edmonton Griesbach
40%
Alberta Edmonton Manning
40%
Alberta Edmonton Northwest
40%
Alberta Edmonton Riverbend
40%
Alberta Edmonton Southeast
40%
Ontario Eglinton-Lawrence
40%
Atlantic Provinces Egmont
40%
Ontario Essex
40%
Atlantic Provinces Fredericton-Oromocto
40%
Atlantic Provinces Fundy-Royal
40%
Québec Gatineau
40%
Alberta Grande Prairie
40%
Ontario Hamilton Centre
40%
Québec Hull-Aylmer
40%
Ontario Huron-Bruce
40%
Québec Jonquière
40%
British Columbia Kamloops-Thompson-Nicola
40%
Ontario Kanata
40%
Atlantic Provinces Kings-Hants
40%
Ontario Kingston and The Islands
40%
Ontario Kitchener-Conestoga
40%
Ontario Kitchener South-Hespeler
40%
Atlantic Provinces Labrador
40%
Québec Lac Saint Louis
40%
Alberta Lethbridge
40%
Ontario London Centre
40%
Ontario London West
40%
Québec Louis Hébert
40%
Atlantic Provinces Madawaska-Restigouche
40%
Atlantic Provinces Malpeque
40%
Ontario Markham-Stouffville
40%
Ontario Markham-Thornhill
40%
Ontario Markham-Unionville
40%
Atlantic Provinces Miramichi-Grand Lake
40%
Ontario Mississauga-Erin Mills
40%
Ontario Mississauga Lakeshore
40%
Ontario Mississauga-Malton
40%
Atlantic Provinces Moncton-Dieppe
40%
Québec Mount Royal
40%
Ontario Newmarket-Aurora
40%
Ontario Niagara Falls-Niagara on the Lake
40%
Ontario Niagara West
40%
British Columbia North Island-Powell River
40%
British Columbia North Vancouver
40%
Québec Notre Dame de Grâce-Westmount
40%
Ontario Oakville East
40%
Ontario Oakville West
40%
Ontario Orléans
40%
Ontario Ottawa Vanier-Gloucester
40%
Ontario Ottawa West-Nepean
40%
Québec Outremont
40%
Québec Papineau
40%
Ontario Pickering-Brooklin
40%
British Columbia Pitt Meadows-Maple Ridge
40%
Alberta Ponoka-Didsbury
40%
Québec Pontiac-Kitigan Zibi
40%
Manitoba Portage-Lisgar
40%
British Columbia Port Moody-Coquitlam
40%
Québec Portneuf-Jacques Cartier
40%
Saskatchewan Prince Albert
40%
Manitoba Provencher
40%
Saskatchewan Regina-Qu'Appelle
40%
Saskatchewan Regina-Wascana
40%
Québec Richmond-Arthabaska
40%
Ontario Richmond Hill South
40%
Manitoba Riding Mountain
40%
Atlantic Provinces Sackville-Bedford-Preston
40%
Québec Saint Jean
40%
Atlantic Provinces Saint John-Kennebecasis
40%
Atlantic Provinces Saint John-Sainte Croix
40%
Québec Saint Laurent
40%
Québec Saint Maurice-Champlain
40%
Ontario Sault Ste. Marie-Algoma
40%
Ontario Scarborough Centre-Don Valley East
40%
Ontario Scarborough Southwest
40%
Ontario Scarborough Woburn
40%
Québec Shefford
40%
Ontario Simcoe-Grey
40%
Ontario Simcoe North
40%
Saskatchewan Souris-Moose Mountain
40%
Atlantic Provinces South Shore-St. Margarets
40%
Atlantic Provinces St. John's East
40%
Ontario Sudbury
40%
British Columbia Surrey Centre
40%
Atlantic Provinces Terra Nova-The Peninsulas
40%
Québec Thérèse de Blainville
40%
Ontario Thunder Bay-Rainy River
40%
Ontario Thunder Bay-Superior North
40%
Atlantic Provinces Tobique-Mactaquac
40%
British Columbia Vancouver Quadra
40%
Ontario Waterloo
40%
Ontario Whitby
40%
Ontario Windsor-Tecumseh-Lakeshore
40%
Manitoba Winnipeg South Centre
40%
Alberta Yellowhead
40%
Ontario York-Durham
40%
Ontario York South-Weston-Etobicoke
40%
Québec Abitibi-Baie James-Nunavik-Eeyou
20%
Québec Abitibi-Témiscamingue
20%
Québec Ahuntsic-Cartierville
20%
Québec Alfred-Pellan
20%
Ontario Algonquin-Renfrew-Pembroke
20%
Québec Argenteuil-La Petite Nation
20%
Ontario Aurora-Oak Ridges-Richmond Hill
20%
Ontario Barrie-Springwater-Oro Medonte
20%
Ontario Bay of Quinte
20%
Ontario Beaches-East York
20%
Québec Beauce
20%
Québec Beauharnois-Salaberry-Soulanges-Huntingdon
20%
Québec Bécancour-Nicolet-Saurel-Alnôbak
20%
Québec Bellechasse-Les Etchemins-Lévis
20%
Québec Beloeil-Chambly
20%
Québec Berthier-Maskinongé
20%
Ontario Bowmanville-Oshawa North
20%
Ontario Brampton-Chinguacousy Park
20%
Ontario Brantford-Brant South-Six Nations
20%
Québec Brome-Missisquoi
20%
Québec Brossard-Saint Lambert
20%
Ontario Bruce-Grey-Owen Sound
20%
British Columbia Burnaby North-Seymour
20%
Alberta Calgary Crowfoot
20%
Alberta Calgary Heritage
20%
Alberta Calgary Midnapore
20%
Alberta Calgary Nose Hill
20%
Alberta Calgary Shephard
20%
Alberta Calgary Signal Hill
20%
British Columbia Caribou-Prince George
20%
Saskatchewan Carlton Trail-Eagle Creek
20%
Québec Charlesbourg-Haute Saint Charles
20%
Québec Châteauguay-Les Jardins de Napierville
20%
Ontario Chatham-Kent-Leamington
20%
Québec Chicoutimi-Le Fjord
20%
Manitoba Churchill-Keewatinook Aski
20%
British Columbia Cloverdale-Langley City
20%
British Columbia Columbia-Kootenay-Southern Rockies
20%
Québec Côte du Sud-Rivière du Loup-Kataskomiq-Témiscouata
20%
Québec Côte Nord-Kawawachikamach-Nitassinan
20%
Saskatchewan Desnethé-Missinippi-Churchill River
20%
Québec Dorval-Lachine-LaSalle
20%
Québec Drummond
20%
Ontario Dufferin-Caledon
20%
Alberta Edmonton West
20%
Ontario Elgin-St. Thomas-London South
20%
Manitoba Elmwood-Transcona
20%
Ontario Flamborough-Glanbrook-Brant North
20%
British Columbia Fleetwood-Port Kells
20%
Alberta Foothills
20%
Alberta Fort McMurray-Cold Lake
20%
Québec Gaspésie-Les Îles de la Madeleine-Listuguj
20%
Ontario Guelph
20%
Ontario Haldimand-Norfolk
20%
Ontario Haliburton-Kawartha Lakes
20%
Ontario Hamilton East-Stoney Creek
20%
Ontario Hamilton Mountain
20%
Ontario Hamilton West-Ancaster-Dundas
20%
Ontario Hastings-Lennox and Addington-Tyendinaga
20%
Québec Hochelaga-Rosemont Est
20%
Québec Honoré-Mercier
20%
Ontario Humber River-Black Creek
20%
Québec Joliette-Manawan
20%
British Columbia Kamloops-Shushwap-Central Rockies
20%
Ontario Kapuskasing-Timmins-Mushkegowuk
20%
Ontario Kenora-Kiiwetinoong
20%
Manitoba Kildonan-St Paul
20%
Ontario King-Vaughan
20%
Alberta Lakeland
20%
Ontario Lanark-Frontenac
20%
British Columbia Langley Township-Fraser Heights
20%
Québec La Pointe de l'Île
20%
Québec La Prairie-Atateken
20%
Québec LaSalle-Émard-Verdun
20%
Québec Laurentides-Labelle
20%
Québec Laurier-Sainte Marie
20%
Québec Laval-Les Îles
20%
Alberta Leduc-Wetaskiwin
20%
Ontario Leeds-Grenville-Thousand Islands-Rideau Lakes
20%
Québec Les Pays d'En Haut
20%
Québec Lévis-Lotbinière
20%
Ontario London-Fanshawe
20%
Québec Longueuil-Charles LeMoyne
20%
Québec Longueuil-Saint Hubert
20%
Québec Louis Saint Laurent-Akiawenhrahk
20%
Québec Marc Aurèle Fortin
20%
Alberta Medicine Hat-Cardston-Warner
20%
Québec Mégantic-L'Érable-Lotbinière
20%
Ontario Middlesex-London
20%
Ontario Milton East-Halton Hills South
20%
Québec Mirabel
20%
British Columbia Mission-Matsqui-Abbotsford
20%
Ontario Mississauga East-Cooksville
20%
Ontario Mississauga-Streetsville
20%
Québec Montcalm
20%
Québec Montmorency-Charlevoix
20%
Québec Mont Saint Bruno-L'Acadie
20%
Saskatchewan Moose Jaw-Lake Centre-Lanigan
20%
British Columbia New Westminster-Burnaby-Maillardville
20%
Ontario Nipissing-Timiskaming
20%
Ontario Northumberland-Clarke
20%
British Columbia Okanagan Lake West-South Kelowna
20%
Ontario Oxford
20%
Alberta Parkland
20%
Ontario Parry Sound-Muskoka
20%
Alberta Peace River-Westlock
20%
Ontario Perth-Wellington
20%
Ontario Peterborough
20%
Québec Pierre Boucher-Les Patriotes-Verchères
20%
Québec Pierrefonds-Dollard
20%
Ontario Prescott-Russell-Cumberland
20%
Saskatchewan Regina-Lewyan
20%
Québec Repentigny
20%
British Columbia Richmond East-Steveston
20%
Québec Rimouski-La Matapédia
20%
Québec Rivière des Mille Îles
20%
Québec Rivière du Nord
20%
Québec Rosemont-La Petite Patrie
20%
Québec Saint Hyacinthe-Bagot-Acton
20%
Québec Saint Léonard-Saint Michel
20%
Ontario Sarnia-Lambton-Bkejwanong
20%
Ontario Scarborough-Agincourt
20%
Ontario Scarborough-Guildwood-Rouge Park
20%
Manitoba Selkirk-Interlake-Eastman
20%
Alberta Sherwood Park-Fort Saskatchewan
20%
British Columbia Similkameen-South Okanagan-West Kootenay
20%
Ontario Spadina-Harbourfront
20%
Alberta St Albert-Sturgeon River
20%
Manitoba St Boniface-St Vital
20%
Ontario St. Catharines
20%
Ontario Stormont-Dundas-Glengarry
20%
Ontario Sudbury East-Manitoulin-Nickel Belt
20%
British Columbia Surrey Newton
20%
Saskatchewan Swift Current-Grasslands-Kindersley
20%
Ontario Taiaiko'n-Parkdale-High Park
20%
British Columbia Vancouver Fraserview-South Burnaby
20%
Québec Vaudreuil
20%
Ontario Vaughan-Woodbridge
20%
British Columbia Vernon-Lake Country-Monashee
20%
Québec Ville Marie-Le Sud Ouest-Île des Soeurs
20%
Québec Vimy
20%
Ontario Wellington-Halton Hills North
20%
Saskatchewan Yorkton-Melville
20%
Saskatchewan Battlefords-Lloydminster-Meadow Lake
0%
Ontario New Tecumseh-Gwillimbury
0%
British Columbia Prince George-Peace River-Northern Rockies
0%
British Columbia Selena-Bulkley Valley
0%
No matching quizzes found
Score Distribution
Percent of People with Each Score
Percentile by Number Answered
Your Score History
You have not taken this quiz